el barroco (Record no. 4323)

MARC details
000 -CABECERA
campo de control de longitud fija 00788nam a2200241 a 4500
001 - NÚMERO DE CONTROL
campo de control BRCA_4618
005 - FECHA Y HORA DE LA ÚLTIMA TRANSACCIÓN
campo de control 20190320204735.0
008 - DATOS DE LONGITUD FIJA--INFORMACIÓN GENERAL
campo de control de longitud fija 270910s1942----sp-a######---#000-0#spa-#
041 ## - CÓDIGO DE LENGUA
Código de lengua del texto/banda sonora o título independiente spa
044 ## - CÓDIGO DEL PAÍS DE LA ENTIDAD EDITORA/PRODUCTORA
Código MARC del país sp
050 #4 - SIGNATURA TOPOGRÁFICA DE LA BIBLIOTECA DEL CONGRESO
Número de clasificación N6415
Número de documento/Ítem .W45 1942
100 1# - ENTRADA PRINCIPAL--NOMBRE DE PERSONA
Nombre de persona Weisbach, Warner
9 (RLIN) 11692
245 10 - MENCIÓN DE TÍTULO
Título el barroco
Resto del título arte de la contrarreforma
Mención de responsabilidad, etc. Werner Weisbach ; traducción y ensayo preliminar de Enrique Lafuente Ferrari.
260 ## - PUBLICACIÓN, DISTRIBUCIÓN, ETC.
Lugar de publicación, distribución, etc. Madrid
Nombre del editor, distribuidor, etc. Espasa-Calpe
Fecha de publicación, distribución, etc. 1942
300 ## - DESCRIPCIÓN FÍSICA
Extensión 345 p.
Otras características físicas il., 117 láminas
Dimensiones 27 cm.
500 ## - NOTA GENERAL
Nota general Incluye notas de los capítulos, índice onomástico e índice de ilustraciones
500 ## - NOTA GENERAL
Nota general D33
650 14 - PUNTO DE ACCESO ADICIONAL DE MATERIA--TÉRMINO DE MATERIA
Término de materia o nombre geográfico como elemento de entrada Arte barroco
9 (RLIN) 3994
650 14 - PUNTO DE ACCESO ADICIONAL DE MATERIA--TÉRMINO DE MATERIA
Término de materia o nombre geográfico como elemento de entrada Arte y simbolismo cristiano
9 (RLIN) 9209
700 1# - PUNTO DE ACCESO ADICIONAL--NOMBRE DE PERSONA
Nombre de persona Lafuente Ferrari, Enrique
9 (RLIN) 2561
902 ## - CATALOGADOR
Iniciales GFM
942 ## - ELEMENTOS DE PUNTO DE ACCESO ADICIONAL (KOHA)
Fuente del sistema de clasificación o colocación Library of Congress Classification
Tipo de ítem Koha Libros
Holdings
Estado de retiro Estado de pérdida Estado dañado No para préstamo Localización permanente Ubicación/localización actual Fecha de adquisición Número de inventario Total de préstamos Signatura topográfica completa Código de barras Fecha visto por última vez Precio válido a partir de Tipo de ítem Koha
El ejemplar forma parte de la colección y puede ser consultado según las políticas vigentes.       Biblioteca del Museo Franz Mayer (Rogerio Casas-Alatriste) Biblioteca del Museo Franz Mayer (Rogerio Casas-Alatriste) 27/09/2010 D33   N6415 .W45 1942 (D33) 4616 22/03/2019 22/03/2019 Libros